000 00685nam a2200217 a 4500
999 _c6419
_d6419
001 6419
003 BD-JhCC
005 20180123092455.0
008 171104s1988 bg |||| ||a| 000 0 ben d
035 _a(BD-JhCC) 6419
040 _aBD-JhCC
_dBD-JhCC
041 _aben
082 _a297
_bKIS 1988
100 _aকিসমতী, জুলফিকার আহমদ
245 _aচিন্তাধারা /
_cজুলফিকার আহমদ কিসমতী
260 _aঢাকা :
_bইসলামিক ফাউন্ডেশন বাংলাদেশ ,
_c1988.
300 _a639p .:
_c22 cm .
650 _aIslam
942 _2ddc
_cBK